Normal view
MARC view
- الادارة التربوية- التخطيط التربوي
Entry Topical Term
001 - CONTROL NUMBER
- control field: 59921
003 - CONTROL NUMBER IDENTIFIER
- control field: JO-AjAnu
005 - DATE AND TIME OF LATEST TRANSACTION
- control field: 20230606083809.0
008 - FIXED-LENGTH DATA ELEMENTS
- fixed length control field: 230606|| aca||aabn | a|a d
040 ## - CATALOGING SOURCE
- Original cataloging agency: JO-AjAnu
- Transcribing agency: JO-AjAnu
150 ## - HEADING--TOPICAL TERM
- Topical term or geographic name entry element: الادارة التربوية- التخطيط التربوي
670 ## - SOURCE DATA FOUND
- Source citation: Work cat.: (JO-AjAnu)30557: العرنوسي، ضياء عويد حربي وآخرون، م.مشارك حيدر حاتم فالح العجرش، م.مشارك عارف حاتم هادي الجبوري، م.مشارك مشرق محمد مجول الجبوري, author 59920, الادارة والاشراف التربوي